Hamas daripada underground kepada parti pemerintah : "alhamdulillah.kami dipilih allah bagi mewakili umat islam di seluruh dunia menentang musuh allah di palestin dan mempertahankan masjid al-aqsa."-dr.khalil al-hayya.

Bibliographic Details
Main Author: Maszlee Malik
Format: Book
Published: Selangor : Pts Publications & Distributors Sdn Bhd , 2006

MARC

LEADER 00000cam a2200000 7i4500
001 0000060800
005 20160308.0
008 160308
020 |a 9833604145 
090 0 0 |a 956.053   |b MAS 
100 0 |a Maszlee Malik 
245 1 0 |a Hamas daripada underground kepada parti pemerintah :   |b "alhamdulillah.kami dipilih allah bagi mewakili umat islam di seluruh dunia menentang musuh allah di palestin dan mempertahankan masjid al-aqsa."-dr.khalil al-hayya.   |c Maszlee Malik 
260 |a Selangor :   |b Pts Publications & Distributors Sdn Bhd ,   |c 2006 
999 |a 0000936000   |b Book   |c Adult Collection   |e Cawangan Bandar Tenggara